00600pam a2200181 a 4500020001700000082001300017100002300030245005600053260005300109300002400162500002000186650003700206650002000243650002900263942000700292999001500299952010400314 a0132528339 :00a515.3/531 aHaberman, Richard,10aElementary applied partial differential equations : aEnglewood Cliffs, N.J. :bPrentice-Hall,c[1983] ax, 533 p. :bill. ; aIncludes index. 0aDifferential equations, Partial. 0aFourier series. 0aBoundary value problems. cBK c3287d3287 0010708NFICaMLCampusbMLCampuscGENd2016-04-05l0o513.353 HABp007079r2022-11-17 00:00:00yBK